| 000 | 00624nam a2200217 a 4500 | ||
|---|---|---|---|
| 999 |
_c5873 _d5873 |
||
| 001 | 5873 | ||
| 003 | BD-JhCC | ||
| 005 | 20171228194915.0 | ||
| 008 | 171228s2002 bg |||| || | 000 0 ben d | ||
| 035 | _a(BD-JhCC)5873 | ||
| 040 |
_aBD-JhCC _dBD-JhCC |
||
| 041 | _aben | ||
| 082 |
_a891.443 _bHAY 2002 |
||
| 100 | _aহায়দার, মনি | ||
| 245 |
_aএক টুকরো কাগজ / _cমনি হায়দার, |
||
| 260 |
_aঢাকা : _bগতিধারা প্রকাশনী, _c2002. |
||
| 300 |
_a63 p. : _c22 cm. |
||
| 650 | _aBengali Novel | ||
| 942 |
_2ddc _cBK |
||